000
00306nam a22001457a 4500
003
SGT
082
_a
370
_b
S09Y
100
_a
YADAV, D.S.
245
_a
SWASTHYA EVAM SHARIRIK SHIKSHA
250
_a
1ST
260
_a
NEW DELHI
_b
J.B.T. PUB
_c
2009
300
_a
296
650
_a
EDUCATION
942
_2
ddc
_c
BK
999
_c
12186
_d
12186